| 000 | 00602nas a2200229 4500 | ||
|---|---|---|---|
| 001 | BR9605091 | ||
| 003 | BR-BrBNA | ||
| 005 | 20231205094906.0 | ||
| 007 | ta | ||
| 008 | 230509b bl.|||p| |||| 00| 00por d | ||
| 040 |
_aBR-BrBNA _bpor _cBiblioteca Nacional de Agricultura |
||
| 041 | _a(Pt) | ||
| 072 | _aF01 | ||
| 100 | 1 | _aFurlan, M. | |
| 245 | 1 | _aVerde a toda prova | |
| 650 | _aAbacate | ||
| 650 | _aPlantio | ||
| 650 | _aPomar | ||
| 773 | 0 |
_tNatureza (Brazil) _xISSN 0104-3609 _g(Jun 1996), v. 9(101) p. 50-53 _wBR9605091 |
|
| 909 |
_a202311 _bLúcia _c55 _dLúcia Elande |
||
| 942 |
_2AGRIS _n0 _cANA |
||
| 999 |
_c147584 _d147584 |
||